| 000 | 00828nam a22001937a 4500 | ||
|---|---|---|---|
| 999 |
_c22218 _d22218 |
||
| 003 | AR-CdUCM | ||
| 008 | 190425b ||||| |||| 00| 0 spa d | ||
| 040 |
_aMUNICIPALIDAD PROVINCIAL DEL CUSCO _cBIBLIOTECA MUNICIPAL DEL CUSCO |
||
| 082 | _aQollana/N°3/2012 | ||
| 245 |
_aRevista Qollana : _bLa voz de las provincias integradas Espinar Chumbivilcas y Canas / _cVictoriano Noa Inca |
||
| 260 |
_aCusco. _bQollana, _c2012. |
||
| 300 |
_a10 páginas. : _bilustraciones ; _c30 cm. |
||
| 440 |
_aQollana. _nN°3, mayo 2012. _947667 |
||
| 505 | _aContenido: Nace una nueva organización. -- En Echarate y Espinar hay incapacidad de gastos sin embargo recién canon y regalías. -- El socialismo es aplicable o no en el mundo. | ||
| 650 |
_aProvincia de Espinar _947668 |
||
| 650 |
_aEspinar _91330 |
||
| 942 |
_2ddc _cPP |
||
| 945 | _arac | ||